[Event "DVM U10 2023"]
[Site "Magdeburg GER"]
[Date "2023.12.27"]
[Round "1"]
[White "Wangemann, Emanuel Njoya"]
[Black "Vlad, Mark"]
[Result "0-1"]
[Termination "normal"]
[Board "19.3"]
[WhiteElo "782"]
[BlackElo "1015"]
[WhiteClock "00:41:04"]
[BlackClock "00:39:41"]
[WhiteTeam "fuß brothers Jena"]
[BlackTeam "SF Heidelberg"]
[PlyCount "114"]
[BlackFideId "34663258"]
[EventCountry "GER"]
[EventRounds "7"]
[EventType "team-swiss"]
[EventDate "2023.12.27"]

1. e4 {[%clk 00:55:08]} {[%emt 14:52:59]} e5 {[%clk 00:55:02]} {[%emt
00:00:09]} 2. Nf3 {[%emt 00:00:04]} Nc6 {[%emt 00:00:04]} 3. Nc3 {[%clk
00:54:54]} {[%emt 00:00:11]} Bc5 {[%clk 00:54:53]} {[%emt 00:00:14]} 4. Bc4
{[%clk 00:54:44]} {[%emt 00:00:14]} Nf6 {[%clk 00:54:48]} {[%emt 00:00:11]} 5.
O-O {[%clk 00:54:40]} {[%emt 00:00:08]} O-O {[%clk 00:54:47]} {[%emt 00:00:07]}
6. d3 {[%clk 00:54:32]} {[%emt 00:00:13]} h6 {[%clk 00:54:47]} {[%emt
00:00:05]} 7. Be3 {[%clk 00:54:14]} {[%emt 00:00:23]} Bb6 {[%clk 00:54:46]}
{[%emt 00:00:06]} 8. Bxb6 {[%clk 00:54:10]} {[%emt 00:00:09]} axb6 {[%clk
00:54:45]} {[%emt 00:00:07]} 9. Nd5 {[%clk 00:53:51]} {[%emt 00:00:24]} d6
{[%clk 00:54:28]} {[%emt 00:00:21]} 10. Nh4 {[%clk 00:53:04]} {[%emt 00:00:47]}
Nxd5 {[%clk 00:54:10]} {[%emt 00:00:28]} 11. exd5 {[%clk 00:52:53]} {[%emt
00:00:14]} Qxh4 {[%clk 00:53:55]} {[%emt 00:00:21]} 12. g3 {[%clk 00:52:46]}
{[%emt 00:00:13]} Qd8 {[%clk 00:53:54]} {[%emt 00:00:06]} 13. dxc6 {[%clk
00:51:54]} {[%emt 00:00:08]} bxc6 {[%clk 00:53:54]} 14. d4 {[%clk 00:51:40]}
{[%emt 00:01:13]} d5 {[%clk 00:53:39]} {[%emt 00:00:20]} 15. Bd3 {[%clk
00:51:10]} {[%emt 00:00:22]} exd4 {[%clk 00:53:34]} {[%emt 00:00:23]} 16. Be2
{[%clk 00:50:53]} {[%emt 00:00:21]} Bh3 {[%clk 00:53:06]} {[%emt 00:00:31]} 17.
Re1 {[%clk 00:50:43]} {[%emt 00:00:15]} c5 {[%clk 00:52:58]} {[%emt 00:00:14]}
18. Bf3 {[%clk 00:50:24]} {[%emt 00:00:24]} c6 {[%clk 00:52:04]} {[%emt
00:00:59]} 19. a4 {[%clk 00:50:11]} {[%emt 00:00:18]} Qd6 {[%clk 00:51:13]}
{[%emt 00:00:52]} 20. Bg2 {[%clk 00:50:08]} {[%emt 00:00:13]} Bxg2 {[%clk
00:50:53]} {[%emt 00:00:25]} 21. Kxg2 {[%clk 00:50:02]} {[%emt 00:00:10]} Rae8
{[%clk 00:50:21]} {[%emt 00:00:35]} 22. Rxe8 {[%clk 00:49:48]} {[%emt
00:00:21]} Rxe8 {[%clk 00:50:19]} {[%emt 00:00:07]} 23. Qh5 {[%clk 00:49:20]}
{[%emt 00:00:33]} Qg6 {[%clk 00:49:48]} {[%emt 00:00:36]} 24. Qxg6 {[%emt
00:00:11]} fxg6 {[%emt 00:00:23]} 25. a5 {[%clk 00:48:37]} {[%emt 00:00:15]}
Rb8 {[%clk 00:49:20]} {[%emt 00:00:31]} 26. a6 {[%clk 00:48:29]} {[%emt
00:00:15]} Ra8 {[%clk 00:49:12]} {[%emt 00:00:13]} 27. a7 {[%clk 00:48:18]}
{[%emt 00:00:17]} Kf7 {[%clk 00:49:12]} {[%emt 00:00:05]} 28. Kf3 {[%clk
00:47:57]} {[%emt 00:00:26]} Kf6 {[%clk 00:48:53]} {[%emt 00:00:24]} 29. h4
{[%clk 00:47:43]} {[%emt 00:00:10]} g5 {[%clk 00:48:20]} {[%emt 00:00:48]} 30.
Kg4 {[%clk 00:47:28]} {[%emt 00:00:17]} gxh4 {[%clk 00:47:56]} {[%emt
00:00:31]} 31. gxh4 {[%clk 00:47:23]} {[%emt 00:00:09]} g5 {[%clk 00:47:26]}
{[%emt 00:00:34]} 32. hxg5+ {[%clk 00:47:09]} {[%emt 00:00:20]} hxg5 {[%clk
00:47:21]} {[%emt 00:00:11]} 33. f3 {[%clk 00:47:02]} {[%emt 00:00:11]} b5
{[%clk 00:47:02]} {[%emt 00:00:25]} 34. Kg3 {[%clk 00:46:30]} {[%emt 00:00:31]}
Kf5 {[%clk 00:46:09]} {[%emt 00:01:05]} 35. Kf2 {[%clk 00:46:15]} {[%emt
00:00:14]} c4 {[%clk 00:45:01]} {[%emt 00:01:19]} 36. Ke2 {[%clk 00:46:09]}
{[%emt 00:00:09]} Kf4 {[%clk 00:44:49]} {[%emt 00:00:15]} 37. c3 {[%clk
00:46:01]} {[%emt 00:00:15]} d3+ {[%clk 00:44:47]} {[%emt 00:00:09]} 38. Kd2
{[%clk 00:45:45]} {[%emt 00:00:20]} Kxf3 {[%clk 00:44:24]} {[%emt 00:00:28]}
39. b4 {[%clk 00:45:14]} {[%emt 00:00:13]} cxb3 {[%clk 00:43:54]} {[%emt
00:00:58]} 40. Kxd3 {[%clk 00:44:41]} {[%emt 00:00:23]} g4 {[%clk 00:43:42]}
{[%emt 00:00:32]} 41. Kd2 {[%clk 00:44:13]} {[%emt 00:00:26]} b2 {[%clk
00:43:24]} {[%emt 00:00:30]} 42. Rb1 {[%clk 00:43:49]} {[%emt 00:00:30]} Rxa7
{[%clk 00:43:09]} {[%emt 00:00:20]} 43. Rxb2 {[%clk 00:43:42]} {[%emt
00:00:10]} g3 {[%clk 00:42:52]} {[%emt 00:00:23]} 44. Rb1 {[%clk 00:43:14]}
{[%emt 00:00:33]} Ra2+ {[%clk 00:42:50]} {[%emt 00:00:07]} 45. Kd3 {[%clk
00:43:09]} {[%emt 00:00:10]} g2 {[%clk 00:42:14]} {[%emt 00:00:41]} 46. Rg1
{[%clk 00:43:03]} {[%emt 00:00:10]} Kf2 {[%clk 00:42:07]} {[%emt 00:00:13]} 47.
Rxg2+ {[%clk 00:42:56]} {[%emt 00:00:10]} Kxg2 {[%clk 00:42:01]} {[%emt
00:00:12]} 48. Kd4 {[%clk 00:42:54]} {[%emt 00:00:07]} Ra4+ {[%clk 00:41:32]}
{[%emt 00:00:34]} 49. Kc5 {[%clk 00:42:49]} {[%emt 00:00:11]} Rc4+ {[%clk
00:41:18]} {[%emt 00:00:17]} 50. Kd6 {[%clk 00:42:38]} {[%emt 00:00:16]} Rxc3
{[%emt 00:00:15]} 51. Ke5 {[%clk 00:42:32]} {[%emt 00:00:09]} b4 {[%clk
00:40:56]} {[%emt 00:00:19]} 52. Kd4 {[%clk 00:42:16]} {[%emt 00:00:11]} Rc4+
{[%clk 00:40:52]} {[%emt 00:00:17]} 53. Kd3 {[%clk 00:42:05]} {[%emt 00:00:19]}
b3 {[%clk 00:40:36]} {[%emt 00:00:21]} 54. Kd2 {[%clk 00:41:35]} {[%emt
00:00:33]} b2 {[%clk 00:40:30]} {[%emt 00:00:13]} 55. Kd3 {[%clk 00:41:19]}
{[%emt 00:00:20]} b1=Q+ {[%clk 00:40:17]} {[%emt 00:00:19]} 56. Kd2 {[%clk
00:41:11]} {[%emt 00:00:04]} Qc2+ {[%clk 00:40:15]} {[%emt 00:00:15]} 57. Ke3
{[%clk 00:41:04]} {[%emt 00:00:12]} Re4# {[%clk 00:39:41]} {[%emt 00:00:39]}
0-1

[Event "DVM U10 2023"]
[Site "Magdeburg GER"]
[Date "2023.12.27"]
[Round "1"]
[White "Ma, Yan"]
[Black "Luible, Sebastian"]
[Result "1-0"]
[Termination "normal"]
[Board "20.1"]
[WhiteElo "1353"]
[BlackElo "1128"]
[WhiteClock "00:02:46"]
[BlackClock "00:12:56"]
[WhiteTeam "SV Dresden-Leuben"]
[BlackTeam "SF Tegernheim"]
[PlyCount "163"]
[EventCountry "GER"]
[EventRounds "7"]
[EventType "team-swiss"]
[EventDate "2023.12.27"]

1. e4 {[%clk 00:55:06]} {[%emt 00:00:03]} e5 {[%clk 00:55:07]} {[%emt
00:00:04]} 2. Nf3 {[%clk 00:55:03]} {[%emt 00:00:08]} Nf6 {[%clk 00:55:07]}
{[%emt 00:00:06]} 3. Nxe5 {[%clk 00:54:57]} {[%emt 00:00:11]} d6 {[%clk
00:55:04]} {[%emt 00:00:08]} 4. Nf3 {[%clk 00:54:44]} {[%emt 00:00:17]} Nxe4
{[%clk 00:55:03]} {[%emt 00:00:06]} 5. d4 {[%clk 00:54:10]} {[%emt 00:00:40]}
Qe7 {[%clk 00:54:38]} {[%emt 00:00:30]} 6. Be2 {[%clk 00:53:55]} {[%emt
00:00:19]} Bg4 {[%emt 00:00:17]} 7. O-O {[%emt 00:00:20]} Nc6 {[%clk 00:53:27]}
{[%emt 00:00:40]} 8. Bf4 {[%clk 00:53:06]} {[%emt 00:00:53]} Qf6 {[%clk
00:52:03]} {[%emt 00:01:30]} 9. Be3 {[%clk 00:52:38]} {[%emt 00:00:32]} Qg6
{[%clk 00:51:11]} {[%emt 00:00:56]} 10. Kh1 {[%clk 00:51:19]} {[%emt 00:01:24]}
d5 {[%clk 00:50:26]} {[%emt 00:00:50]} 11. Nbd2 {[%clk 00:50:43]} {[%emt
00:00:40]} Qh5 {[%clk 00:49:46]} {[%emt 00:00:43]} 12. Re1 {[%clk 00:47:19]}
{[%emt 00:03:32]} Bd6 {[%clk 00:49:15]} {[%emt 00:00:36]} 13. h3 {[%clk
00:44:03]} {[%emt 00:03:22]} O-O-O {[%clk 00:46:34]} {[%emt 00:02:46]} 14. Kg1
{[%clk 00:38:58]} {[%emt 00:05:10]} Bf5 {[%clk 00:45:40]} {[%emt 00:00:59]} 15.
Ne5 {[%clk 00:37:30]} {[%emt 00:01:32]} Qh4 {[%clk 00:42:12]} {[%emt 00:03:30]}
16. Nxf7 {[%clk 00:34:06]} {[%emt 00:03:33]} Qf6 {[%clk 00:41:03]} {[%emt
00:01:14]} 17. Nxh8 {[%clk 00:33:09]} {[%emt 00:01:01]} Rxh8 {[%clk 00:40:27]}
{[%emt 00:00:42]} 18. Bf3 {[%clk 00:31:29]} {[%emt 00:01:45]} Qg6 {[%clk
00:39:08]} {[%emt 00:01:24]} 19. Nxe4 {[%clk 00:29:43]} {[%emt 00:01:51]} dxe4
{[%emt 00:00:17]} 20. Bg4 {[%clk 00:29:03]} {[%emt 00:00:44]} Rf8 {[%clk
00:38:07]} {[%emt 00:00:56]} 21. Bxf5+ {[%clk 00:27:23]} {[%emt 00:01:44]} Rxf5
{[%clk 00:37:43]} {[%emt 00:00:29]} 22. Qg4 {[%clk 00:26:06]} {[%emt 00:01:20]}
Qf6 {[%clk 00:36:54]} {[%emt 00:00:54]} 23. c3 {[%clk 00:25:18]} {[%emt
00:00:54]} Kd8 {[%clk 00:35:42]} {[%emt 00:01:16]} 24. Qxe4 {[%clk 00:24:04]}
{[%emt 00:01:19]} Qf7 {[%clk 00:33:58]} {[%emt 00:01:50]} 25. Re2 {[%clk
00:20:17]} {[%emt 00:03:52]} Qg6 {[%clk 00:32:57]} {[%emt 00:01:06]} 26. Bd2
{[%clk 00:17:06]} {[%emt 00:03:16]} Rh5 {[%clk 00:31:41]} {[%emt 00:01:21]} 27.
Qxg6 {[%clk 00:16:37]} {[%emt 00:00:34]} hxg6 {[%clk 00:31:33]} {[%emt
00:00:14]} 28. Rae1 {[%clk 00:15:57]} {[%emt 00:00:44]} Rf5 {[%clk 00:30:54]}
{[%emt 00:00:45]} 29. Re8+ {[%clk 00:15:32]} {[%emt 00:00:28]} Kd7 {[%clk
00:30:49]} {[%emt 00:00:10]} 30. Rg8 {[%clk 00:15:16]} {[%emt 00:00:20]} Rf7
{[%clk 00:30:20]} {[%emt 00:00:36]} 31. b4 {[%clk 00:14:22]} {[%emt 00:00:59]}
Be7 {[%clk 00:29:26]} {[%emt 00:01:00]} 32. Rh8 {[%clk 00:13:06]} {[%emt
00:01:21]} Nd8 {[%clk 00:28:14]} {[%emt 00:01:17]} 33. Re4 {[%clk 00:11:10]}
{[%emt 00:01:59]} Ne6 {[%clk 00:26:33]} {[%emt 00:01:48]} 34. Ra8 {[%clk
00:10:39]} {[%emt 00:00:35]} Bg5 {[%clk 00:25:43]} {[%emt 00:00:55]} 35. Bxg5
{[%clk 00:10:23]} {[%emt 00:00:20]} Nxg5 {[%clk 00:25:40]} {[%emt 00:00:09]}
36. Rg4 {[%clk 00:10:11]} {[%emt 00:00:14]} Ne6 {[%clk 00:25:03]} {[%emt
00:00:44]} 37. Rxa7 {[%clk 00:09:57]} {[%emt 00:00:19]} Nf4 {[%emt 00:00:57]}
38. Rxb7 {[%emt 00:00:20]} Ne2+ {[%clk 00:23:52]} {[%emt 00:00:25]} 39. Kf1
{[%clk 00:09:08]} {[%emt 00:00:37]} Nxc3 {[%clk 00:23:36]} {[%emt 00:00:21]}
40. a3 {[%clk 00:08:38]} {[%emt 00:00:37]} Nd1 {[%clk 00:23:09]} {[%emt
00:00:31]} 41. Rxg6 {[%clk 00:07:54]} {[%emt 00:00:48]} Nxf2 {[%clk 00:22:53]}
{[%emt 00:00:22]} 42. Kg1 {[%clk 00:07:36]} {[%emt 00:00:21]} Nd1 {[%clk
00:22:19]} {[%emt 00:00:41]} 43. d5 {[%clk 00:07:17]} {[%emt 00:00:25]} Ne3
{[%emt 00:00:11]} 44. d6 {[%emt 00:00:26]} Rf1+ {[%clk 00:21:30]} {[%emt
00:00:17]} 45. Kh2 {[%clk 00:07:09]} {[%emt 00:00:13]} Rc1 {[%clk 00:21:12]}
{[%emt 00:00:21]} 46. Rxg7+ {[%clk 00:06:58]} {[%emt 00:00:17]} Kxd6 {[%clk
00:20:52]} {[%emt 00:00:26]} 47. Rg6+ {[%clk 00:06:45]} {[%emt 00:00:17]} Kd7
{[%clk 00:20:39]} {[%emt 00:00:19]} 48. h4 {[%clk 00:06:20]} {[%emt 00:00:29]}
Nf1+ {[%clk 00:20:16]} {[%emt 00:00:28]} 49. Kh3 {[%clk 00:06:12]} {[%emt
00:00:12]} Rc3+ {[%clk 00:20:08]} {[%emt 00:00:14]} 50. Kg4 {[%clk 00:06:03]}
{[%emt 00:00:14]} Ne3+ {[%clk 00:19:40]} {[%emt 00:00:33]} 51. Kh5 {[%emt
00:00:42]} Nd5 {[%clk 00:19:14]} {[%emt 00:00:02]} 52. Rb5 {[%clk 00:05:32]}
{[%emt 00:00:27]} Nf4+ {[%clk 00:19:05]} {[%emt 00:00:15]} 53. Kh6 {[%clk
00:05:28]} {[%emt 00:00:09]} Nxg6 {[%clk 00:18:51]} {[%emt 00:00:18]} 54. Kxg6
{[%clk 00:05:25]} {[%emt 00:00:09]} Rxa3 {[%clk 00:18:46]} {[%emt 00:00:11]}
55. h5 {[%clk 00:05:18]} {[%emt 00:00:12]} Rg3+ {[%clk 00:18:39]} {[%emt
00:00:11]} 56. Rg5 {[%clk 00:05:13]} {[%emt 00:00:10]} Rb3 {[%clk 00:18:10]}
{[%emt 00:00:33]} 57. Rg4 {[%clk 00:04:57]} {[%emt 00:00:21]} Re3 {[%clk
00:17:46]} {[%emt 00:00:31]} 58. Rf4 {[%clk 00:04:35]} {[%emt 00:00:26]} Rg3+
{[%clk 00:17:14]} {[%emt 00:00:37]} 59. Kf7 {[%clk 00:03:59]} {[%emt 00:00:41]}
Rxg2 {[%clk 00:16:56]} {[%emt 00:00:22]} 60. h6 {[%clk 00:03:47]} {[%emt
00:00:18]} Re2 {[%clk 00:16:17]} {[%emt 00:00:44]} 61. h7 {[%clk 00:03:18]}
{[%emt 00:00:34]} Re7 {[%clk 00:16:16]} {[%emt 00:00:06]} 62. Kg6 {[%clk
00:03:13]} {[%emt 00:00:54]} Re8 {[%clk 00:16:12]} {[%emt 00:00:10]} 63. Rf7+
{[%emt 00:00:17]} Ke6 {[%clk 00:15:38]} {[%emt 00:00:37]} 64. Kg7 {[%clk
00:02:58]} {[%emt 00:00:10]} Rh8 {[%clk 00:15:17]} {[%emt 00:00:26]} 65. Rf8
{[%clk 00:02:48]} {[%emt 00:00:14]} Rxh7+ {[%clk 00:14:54]} {[%emt 00:00:28]}
66. Kxh7 {[%clk 00:02:48]} {[%emt 00:00:05]} Kd5 {[%clk 00:14:48]} {[%emt
00:00:11]} 67. Rf4 {[%clk 00:02:44]} {[%emt 00:00:08]} c6 {[%clk 00:14:44]}
{[%emt 00:00:09]} 68. Kg6 {[%clk 00:02:41]} {[%emt 00:00:08]} Ke5 {[%clk
00:14:41]} {[%emt 00:00:08]} 69. Kg5 {[%clk 00:02:41]} {[%emt 00:00:05]} Ke6
{[%clk 00:14:34]} {[%emt 00:00:12]} 70. Rd4 {[%clk 00:02:40]} {[%emt 00:00:05]}
Ke5 {[%clk 00:14:30]} {[%emt 00:00:08]} 71. Rd3 {[%clk 00:02:41]} {[%emt
00:00:06]} Ke4 {[%clk 00:14:27]} {[%emt 00:00:08]} 72. Rd6 {[%clk 00:02:45]}
{[%emt 00:00:02]} c5 {[%clk 00:13:57]} {[%emt 00:00:35]} 73. bxc5 {[%clk
00:02:46]} {[%emt 00:00:04]} Ke5 {[%clk 00:13:55]} {[%emt 00:00:07]} 74. Rd1
{[%clk 00:02:46]} {[%emt 00:00:04]} Ke6 {[%clk 00:13:54]} {[%emt 00:00:07]} 75.
c6 {[%clk 00:02:50]} {[%emt 00:00:02]} Ke5 {[%clk 00:13:54]} {[%emt 00:00:05]}
76. c7 {[%clk 00:02:52]} {[%emt 00:00:02]} Ke4 {[%clk 00:13:54]} {[%emt
00:00:05]} 77. c8=Q {[%emt 00:00:05]} Ke3 {[%clk 00:13:34]} {[%emt 00:00:24]}
78. Qe8+ {[%clk 00:02:54]} {[%emt 00:00:03]} Kf3 {[%clk 00:13:32]} {[%emt
00:00:08]} 79. Rd3+ {[%clk 00:02:54]} {[%emt 00:00:04]} Kf2 {[%clk 00:13:26]}
{[%emt 00:00:09]} 80. Kf4 {[%clk 00:02:49]} {[%emt 00:00:12]} Kf1 {[%clk
00:13:00]} {[%emt 00:00:31]} 81. Rd2 {[%clk 00:02:49]} {[%emt 00:00:05]} Kg1
{[%clk 00:12:56]} {[%emt 00:00:10]} 82. Qe1# {[%clk 00:02:46]} {[%emt
00:00:03]} 1-0

[Event "DVM U10 2023"]
[Site "Magdeburg GER"]
[Date "2023.12.27"]
[Round "1"]
[White "Klaus, Simon"]
[Black "Poladli, Firuz"]
[Result "0-1"]
[Termination "normal"]
[Board "20.2"]
[WhiteElo "1044"]
[BlackElo "1030"]
[WhiteClock "00:05:32"]
[BlackClock "00:23:25"]
[WhiteTeam "SF Tegernheim"]
[BlackTeam "SV Dresden-Leuben"]
[PlyCount "98"]
[EventCountry "GER"]
[EventRounds "7"]
[EventType "team-swiss"]
[EventDate "2023.12.27"]

1. e4 {[%clk 00:55:06]} {[%emt 00:00:04]} e5 {[%clk 00:55:07]} {[%emt
00:00:04]} 2. Nf3 {[%clk 00:55:03]} {[%emt 00:00:07]} Nc6 {[%clk 00:55:09]}
{[%emt 00:00:04]} 3. d4 {[%clk 00:54:54]} {[%emt 00:00:14]} exd4 {[%clk
00:55:04]} {[%emt 00:00:10]} 4. Nxd4 {[%clk 00:54:54]} {[%emt 00:00:05]} Nxd4
{[%clk 00:55:01]} {[%emt 00:00:08]} 5. Qxd4 {[%clk 00:54:53]} {[%emt 00:00:06]}
d6 {[%clk 00:54:02]} {[%emt 00:01:04]} 6. Bc4 {[%clk 00:54:27]} {[%emt
00:00:31]} c5 {[%clk 00:53:42]} {[%emt 00:00:25]} 7. Qd1 {[%clk 00:53:41]}
{[%emt 00:00:50]} Nf6 {[%clk 00:53:22]} {[%emt 00:00:24]} 8. Nc3 {[%clk
00:52:47]} {[%emt 00:01:01]} Qe7 {[%clk 00:51:36]} {[%emt 00:01:50]} 9. Qd3
{[%clk 00:51:18]} {[%emt 00:01:34]} Bf5 {[%clk 00:50:08]} {[%emt 00:01:30]} 10.
f3 {[%clk 00:47:50]} {[%emt 00:03:36]} Rd8 {[%clk 00:48:55]} {[%emt 00:01:16]}
11. Nd5 {[%clk 00:46:34]} {[%emt 00:01:24]} Nxd5 {[%clk 00:48:16]} {[%emt
00:00:41]} 12. Qxd5 {[%clk 00:46:11]} {[%emt 00:00:31]} Be6 {[%clk 00:48:00]}
{[%emt 00:00:22]} 13. Bb5+ {[%clk 00:45:09]} {[%emt 00:01:07]} Bd7 {[%clk
00:47:33]} {[%emt 00:00:31]} 14. Qxb7 {[%clk 00:43:49]} {[%emt 00:01:25]} g6
{[%clk 00:46:31]} {[%emt 00:01:08]} 15. Bxd7+ {[%clk 00:42:17]} {[%emt
00:01:37]} Rxd7 {[%clk 00:46:26]} {[%emt 00:00:09]} 16. Qb5 {[%clk 00:41:37]}
{[%emt 00:00:44]} Bg7 {[%clk 00:45:58]} {[%emt 00:00:34]} 17. h4 {[%clk
00:38:17]} {[%emt 00:03:25]} O-O {[%clk 00:45:32]} {[%emt 00:00:29]} 18. Bg5
{[%clk 00:36:32]} {[%emt 00:01:51]} Qe6 {[%clk 00:43:26]} {[%emt 00:02:01]} 19.
c3 {[%clk 00:33:56]} {[%emt 00:02:52]} h6 {[%clk 00:41:55]} {[%emt 00:01:35]}
20. Bd2 {[%clk 00:30:55]} {[%emt 00:03:06]} Rdd8 {[%clk 00:41:45]} {[%emt
00:00:16]} 21. Qb3 {[%clk 00:28:59]} {[%emt 00:02:01]} Qf6 {[%clk 00:39:53]}
{[%emt 00:01:54]} 22. f4 {[%clk 00:25:12]} {[%emt 00:03:55]} Rb8 {[%clk
00:39:23]} {[%emt 00:00:26]} 23. Qc2 {[%clk 00:24:17]} {[%emt 00:01:08]} Rb7
{[%clk 00:39:06]} {[%emt 00:00:15]} 24. g4 {[%clk 00:23:15]} {[%emt 00:01:15]}
Qe6 {[%clk 00:37:52]} {[%emt 00:01:09]} 25. f5 {[%clk 00:22:20]} {[%emt
00:01:11]} gxf5 {[%clk 00:37:28]} {[%emt 00:00:29]} 26. gxf5 {[%clk 00:21:46]}
{[%emt 00:00:39]} Qe5 {[%clk 00:37:11]} {[%emt 00:00:19]} 27. Rg1 {[%clk
00:20:29]} {[%emt 00:01:24]} Kh8 {[%clk 00:34:31]} {[%emt 00:02:43]} 28. Be3
{[%clk 00:19:05]} {[%emt 00:01:32]} Rfb8 {[%clk 00:34:12]} {[%emt 00:00:23]}
29. Rb1 {[%clk 00:17:31]} {[%emt 00:01:40]} d5 {[%clk 00:33:29]} {[%emt
00:00:47]} 30. Rg4 {[%clk 00:16:12]} {[%emt 00:01:25]} Qe7 {[%clk 00:31:13]}
{[%emt 00:02:08]} 31. Qg2 {[%clk 00:15:00]} {[%emt 00:01:30]} f6 {[%clk
00:30:33]} {[%emt 00:00:45]} 32. Rg6 {[%clk 00:13:03]} {[%emt 00:02:02]} dxe4
{[%clk 00:29:32]} {[%emt 00:01:06]} 33. Bxh6 {[%clk 00:12:37]} {[%emt
00:00:31]} Rg8 {[%clk 00:27:45]} {[%emt 00:01:48]} 34. Bxg7+ {[%clk 00:11:28]}
{[%emt 00:01:18]} Rxg7 {[%clk 00:26:55]} {[%emt 00:00:54]} 35. Rxg7 {[%clk
00:10:51]} {[%emt 00:00:43]} Qxg7 {[%emt 00:00:43]} 36. Qxe4 {[%clk 00:09:59]}
{[%emt 00:00:56]} Re7 {[%emt 00:00:42]} 37. Qxe7 {[%clk 00:09:24]} {[%emt
00:00:02]} Qxe7+ {[%clk 00:26:22]} {[%emt 00:00:02]} 38. Kf2 {[%clk 00:09:03]}
{[%emt 00:00:26]} Qe4 {[%clk 00:26:22]} {[%emt 00:00:02]} 39. Rh1 {[%clk
00:08:24]} {[%emt 00:00:47]} Qxh1 {[%clk 00:26:09]} {[%emt 00:00:18]} 40. Kg3
{[%clk 00:08:20]} {[%emt 00:00:09]} Qa1 {[%clk 00:25:58]} {[%emt 00:00:14]} 41.
Kg4 {[%clk 00:07:18]} {[%emt 00:01:08]} Qxb2 {[%clk 00:25:42]} {[%emt
00:00:21]} 42. Kh5 {[%clk 00:07:03]} {[%emt 00:00:20]} Qxc3 {[%clk 00:25:42]}
{[%emt 00:00:05]} 43. Kg6 {[%clk 00:06:50]} {[%emt 00:00:17]} Qe5 {[%clk
00:24:40]} {[%emt 00:01:07]} 44. h5 {[%clk 00:06:18]} {[%emt 00:00:39]} c4
{[%clk 00:24:26]} {[%emt 00:00:19]} 45. h6 {[%clk 00:06:01]} {[%emt 00:00:21]}
c3 {[%clk 00:24:24]} {[%emt 00:00:07]} 46. h7 {[%clk 00:05:56]} {[%emt
00:00:09]} c2 {[%clk 00:24:10]} {[%emt 00:00:19]} 47. a4 {[%clk 00:05:58]}
{[%emt 00:00:03]} c1=Q {[%clk 00:23:54]} {[%emt 00:00:21]} 48. a5 {[%clk
00:05:37]} {[%emt 00:00:26]} Qg5+ {[%clk 00:23:41]} {[%emt 00:00:11]} 49. Kf7
{[%clk 00:05:32]} {[%emt 00:00:17]} Qg7# {[%clk 00:23:25]} {[%emt 00:00:16]}
0-1